000 00478nam a2200157 4500
001 139562
003 ES-MaACL
007 t|
008 070214s1974 ag r ||||1| spa d
100 1 _aScheler, Max.
_9104283
245 1 3 _aLa idea del hombre y la Historia /
_cMax Scheler ; [traducción... Juan José Olivera].
260 _aBuenos Aires :
_bPléyade,
_c1974.
300 _a76 p. ;
_c20 cm.
700 1 _aOlivera, Juan José.
_986853
852 _aES-MaACL
_jE-8626
_bR.93030
999 _c139562
_d139562